State Secrets Protection Act (Record no. 62343)
[ view plain ]
| 000 -LEADER | |
|---|---|
| fixed length control field | 01440nam a2200361 a 4500 |
| 245 00 - TITLE STATEMENT | |
| Title | State Secrets Protection Act |
| 260 ## - PUBLICATION, DISTRIBUTION, ETC. (IMPRINT) | |
| Place of publication | New York : |
| Name of publisher | Nova Science Publishers, |
| Year of publication | c2009. |
| 300 ## - PHYSICAL DESCRIPTION | |
| Number of Pages | 90 p. |
| 490 1# - SERIES STATEMENT | |
| Series statement | Laws and legislation |
| 500 ## - GENERAL NOTE | |
| General note | Includes text of S. 2353 and excerpts from Senate Report 110-442 accompanying S. 2353. |
| 650 #0 - SUBJECT ADDED ENTRY--TOPICAL TERM | |
| Topical Term | Official secrets |
| Topical Term | Executive privilege (Government information) |
| 700 1# - ADDED ENTRY--PERSONAL NAME | |
| Personal name | Nellington, Lara H. |
| 856 40 - ELECTRONIC LOCATION AND ACCESS | |
| Uniform Resource Identifier | http://site.ebrary.com/lib/rucke/Doc?id=10671187 |
No items available.
